000 00610nam a2200205Ia 4500
005 20260114185903.0
008 008 260114s9999 xx 000 0 eng d
020 _a9781509933389
037 _aEBOOK
040 _aCRL
_beng
_cCRL
041 _aeng
_2eng
084 _qCRL
100 _aBaris Soyer and Andrew Tettenborn
_9875686
245 0 _aArtificial Intelligence and Autonomous Shipping
260 _bBloomsbury
_c2021
650 _aLaw
_9875687
856 _uhttps://doi.org/10.5040/9781509933389?locatt=label:secondary_bloomsburyCollections
942 _cEBOOK
999 _c1474498
_d1474498